000 00780nam a22002177a 4500
999 _c161917
_d161917
005 20190807152408.0
010 _a1819CHEN B-717852-872
020 _a9788187107873
_c275.00
035 _aB-717852-872
035 _aB-728528
037 _bPragati Publications
082 _aS
245 _aWell-known tales from Panchatantra
260 _c2019(repr.)
_aNew Delhi
_bOm Kidz
270 _a107, Ansari Road, Darya Ganj
_bNew Delhi
_e110002
300 _a79p.:
_bcol. ill.
_c24cm(Hb)
500 _aAirport
942 _2ddc
_cCH
_hS
_mWEL